00989cam a2200265 a 4500001000500000005001700005020001500022040002300037050001600060082001200076100002800088245004100116250003200157260004000189300004400229505000800273520026000281521002900541521002000570650003500590650002600625650002400651655002900675655001900704375220250327095356.0 a0436458039 aDLCcDLCdDLCbeng00aPR6069.H34500a823.9141 aSharpe, Tomd1928-2013.10aBlott on the landscape /cTom Sharpe aThis edition published 1977 aLondon :bSecker & Warburg , c1975 a237 pages : c19 cm . billustrations ; aU  aSir Giles Lynchwood, millionaire property developer and Tory MP, is determined to see a motorway driven through the ancestral home of his spouse, Lady Maud. As local opposition grows, the MP is devoured by lions, and Lady Maud marries her gardener, Blott. a820 bLexile estimate  aU bRaz-Plus  0aEnvironmental policyxFiction. 0aLegislatorsxFiction. 0aGardenersxFiction. 7aHumorous stories.2gsafd 7aSatire.2gsafd